| 000 | 01199nam a2200253 a 4500 | ||
|---|---|---|---|
| 001 | 39680 | ||
| 003 | BD-RjUL | ||
| 005 | 20211209053035.0 | ||
| 008 | 160416r20111999bg ||||| |||| 001 0 ben d | ||
| 020 |
_a9789848815649 _c:TK 300.00 |
||
| 035 | _a(BD-RjUL) | ||
| 040 |
_aBD-RjUL _bben _cBD-RjUL |
||
| 041 | _aben | ||
| 082 |
_223 _a954.922 _bJAS 2011 |
||
| 100 |
_aজেকব, জ়ে এফ আর _9122218 |
||
| 245 |
_aসারেন্ডার অ্যাট ঢাকা : _bএকটি জাতির জন্ম / _cলেফটেন্যান্ট জেনারেল জ়ে এফ আর জেকব ; আনিসুর রহমান মাহমুদ অনূদিত |
||
| 260 |
_aঢাকা _bদি ইউনিভার্সিটত প্রেস লিমিটেড _c২০১১ |
||
| 300 |
_axi, ২৩০ পৃ. ; _c২১ সেমি. |
||
| 504 | _aনির্ঘন্ট সম্বলিত | ||
| 650 |
_aDhaka _xHistory _9122391 |
||
| 650 |
_aঢাকা _xইতিহাস _9122392 |
||
| 700 |
_aমাহমুদ, আনিসুর রহমান মাহমুদ অনূদিত _9122221 |
||
| 942 |
_2ddc _cBK |
||
| 999 |
_c39680 _d39680 |
||